000 00286nam a22001337a 4500
008 170714b xxu||||| |||| 00| 0 eng d
020 _a9780140249071
041 _aeng
080 _a101
100 _a24
101 _aFJA
245 _aMODERN PHILOSOPHY
_cSCRUTON,R
942 _2udc
_cBK
999 _c20777
_d20777